| 000 | 01412cam a2200361 i 4500 | ||
|---|---|---|---|
| 001 | bg | ||
| 003 | KOSZ 005 | ||
| 005 | 20190729103936.0 | ||
| 008 | 980914s1998 pl a f f |001 0 pol | ||
| 015 | _aPB 1998/11521 | ||
| 020 | _a8320421497 | ||
| 020 | _a8320421489 | ||
| 040 |
_aWA N _cBPK |
||
| 080 | _a621.3.037.33 | ||
| 080 | _a004.387 | ||
| 080 | _a(075.8) | ||
| 100 | 1 |
_aNosal, Zbigniew _c(elektronik). _eAutor |
|
| 245 | 1 | 0 |
_aUkłady elektroniczne. _nCz. 1, _pUkłady analogowe liniowe / _cZbigniew Nosal, Jerzy Baranowski ; pod red. Jerzego Baranowskiego. |
| 246 | 3 | 0 | _aUkłady analogowe liniowe |
| 250 | _aWyd. 3 zm. | ||
| 260 |
_aWarszawa : _bWydawnictwa Naukowo-Techniczne, _c1998. |
||
| 300 |
_a467, [1] s. : _brys., wykr. ; _c24 cm. |
||
| 490 | 1 | _aPodręczniki Akademickie. Elektronika, Informatyka, Telekomunikacja. | |
| 504 | _aBibliogr. przy rozdz. - Indeks. | ||
| 521 | _aPodręcznik dla studentów wydz. elektroniki, zwłaszcza specjalności układowo-aparaturowych. | ||
| 650 | 4 | _aAnalogowy układ elektroniczny | |
| 655 | 4 | _aPodręczniki akademickie | |
| 700 | 1 |
_aBaranowski, Jerzy _c(nauki techniczne). |
|
| 710 | 2 |
_aWydawnictwa Naukowo-Techniczne _4pbl. |
|
| 856 |
_uhttp://koha.tu.koszalin.pl/cgi-bin/koha/opac-detail.pl?biblionumber=35743 _yKatalog online BPK |
||
| 830 | 0 |
_aPodręczniki Akademickie _pEIT |
|
| 942 |
_2UKD _cKS |
||
| 999 |
_c35743 _d35743 |
||